000 01281nam a22003617a 4500
003 CHAP
005 20220329133639.0
008 971013s1993 r 00010 d
010 _a8988
011 _a9960
035 _a9197
040 _cCHAP
090 _aTesis
100 0 0 _aMoncada Monjaras, Trinidad.
_977467
245 _aPrueba de control químico del lírio acuático Eichhornia crassipes (Mart) Solms, bajo condiciones de invernadero con 3 dósis folar 525 FW. Marín,, N.L. 1991
260 _aMarín, N.L. :
_bEl autor,
_c1993
300 _a31 h.
502 _aTesis (Ing. Agr. Parasitólogo) -- UANL. Fac. de Agronomía
590 _aALEPH
_b10
_c20130110
_lUCH01
_h1224
590 _aBATCH-UPD
_b10
_c20130110
_lUCH01
_h0035
590 _aBATCH-UPD
_b10
_c20130110
_lUCH01
_h1308
590 _aBATCH-UPD
_b10
_c20130409
_lUCH01
_h2018
590 _aBATCH-UPD
_b10
_c20130410
_lUCH01
_h0823
590 _aBATCH-UPD
_b10
_c20130914
_lUCH01
_h1726
590 _aCONVERSION
_b10
_c20130109
_lUCH01
_h1306
650 1 4 _aLirio acuático.
_967070
650 1 4 _aMalas hierbas acuáticas.
_970050
650 1 4 _aMalas hierbas
_xControl.
_970011
650 1 4 _aMalas hierbas
_xNuevo León.
_970028
901 _aBK
942 _cTESIS
949 _bBC
_cTES
_d-19760
_eTS1
_h30034
_i9197
_si
999 _c8988
_d8988